| 000 | 00813nam a22002177a 4500 | ||
|---|---|---|---|
| 005 | 20220726152626.0 | ||
| 008 | 220726b ||||| |||| 00| 0 eng d | ||
| 040 | _cAloy | ||
| 041 | _ahin | ||
| 082 |
_223 _aH891.1 _bGOYG |
||
| 100 |
_aParmeshwar Goyal: परमेश्वर गोयल _953390 |
||
| 245 | _aGhayal Jantantr: घायल जनतंत्र | ||
| 260 |
_aNayi Dilli _bAyan Prakashan _c1998 |
||
| 300 |
_a96p. _bHB _c19x12cm. |
||
| 365 |
_2Hindi _b50.00 _c₹ _d50.00 |
||
| 650 |
_aHindi Poetry: हिंदी कविता _953347 |
||
| 650 |
_aHindi Literature: हिंदी साहित्य _953348 |
||
| 650 |
_aKaka Bihari: काका बिहारी _953391 |
||
| 700 |
_aGOYAL (Parmeshwar): गोयल (परमेश्वर) _953349 |
||
| 942 |
_2ddc _cGF |
||
| 999 |
_c224196 _d224196 |
||